| 000 | 00825nam a2200217Ia 4500 | ||
|---|---|---|---|
| 003 | GCL | ||
| 008 | 140319s9999 xx 000 0 ara d | ||
| 040 |
_aGCL / _cGCL |
||
| 082 | 0 | 4 |
_aم _b953 _bع ا |
| 100 | 1 | _aعبدالسلام الترمانينى | |
| 245 | 1 | 0 |
_aاحداث التاريخ الاسلامى بترتيب السنين / _cعبدالسلام الترمانينى |
| 490 |
_aالهيئة العامة للاستعلامات _v0 |
||
| 650 | 0 | 4 | _aالدولة العباسية الثانية |
| 650 | 0 | 4 | _aالتاريخ الاسلامى |
| 650 | 0 | 4 | _aالدول الاسلامية |
| 650 | 0 | 4 | _aالعلماء المسلمون |
| 650 | 0 | 4 | _aالحضارة الاسلامية |
| 650 | 0 | 4 | _aالدولة العباسية الثالثة |
| 650 | 0 | 4 | _aالحضارة السلجوقية |
| 942 |
_2ddc _cREF |
||
| 999 |
_c49151 _d49151 |
||